000 00727nam a2200229Ii 4500
003 JO-AjNU
008 230605s9999||||xx |||||||||||||| ||und||
017 _a1997/7609
020 _a977-01-5244-7
040 _aJO-AjNU
_bara
_erda
_cJO-AjNU
041 _aara
050 1 4 _aPJ7848 1997
100 3 _aالقعيد، يوسف,
_eauthor
_957065
245 0 0 _aالضحك لم يعد ممكنا
264 3 1 _aالقاهرة: الهيئة المصرية العامة للكتاب، 1997
300 _a87ص
336 _atext
_btxt
_2rdacontent
337 _aunmediated
_bn
_2rdamedia
338 _avolume
_bnc
_2rdacarrier
490 0 _aالاعمال الابداعية
650 4 _aالقصص العربية- مصر
_957066
999 _aA25550
_c29118
_d29118